SULLA "SCIENTIFICITA" DEL MARXISMO : FILOSOFIA E CRITICA DELL'ECONOMIA POLITICA NEL MARXISMO ITALIANO DEGLI ANNI SESSANTA /

-д хадгалсан:
Номзүйн дэлгэрэнгүй
Үндсэн зохиолч: Curi, Umberto (autor)
Формат: Ном
Нөхцлүүд:
Шошгууд: Шошго нэмэх
Шошго байхгүй, Энэхүү баримтыг шошголох эхний хүн болох!

MARC

LEADER 00000nam^a2200000^a^4500
001 000233851
005 20250521000000.0
009 20260310104703.722
035 |a 053856 
037 |a Acervo Xavier Clavigero 
082 |a 335. 4  |b CUR 
100 |a Curi, Umberto  |e (autor) 
245 1 0 |a SULLA "SCIENTIFICITA" DEL MARXISMO :  |b FILOSOFIA E CRITICA DELL'ECONOMIA POLITICA NEL MARXISMO ITALIANO DEGLI ANNI SESSANTA /  |c UMBERTO CURI 
264 |a MILANO :  |b FELTRINELLI,  |c 1975 
300 |a 75 p. 
336 |a texto  |b txt  |2 rdacontenido 
337 |a sin mediación  |b n  |2 rdamedio 
338 |a volumen  |b nc  |2 rdasoporte 
649 |a XX 
650 |a Comunismo 
650 |a Marx, Karl 
910 |a Fondo General 
920 |a Impresos - Libros 
930 |a Colección General 
905 |a 101 
901 |a 053856  |b IT1  |c ACC  |i 053856  |u 20250521 
902 |a https://opac.biblio.iteso.mx/vufind/Record/000233851